000 00949nam a2200229Ii 4500
008 221202s xx 000 0 und d
100 1 _aKing, Peter,
_eauthor
245 0 _aPunishing the Criminal Corpse, 1700-1840
246 _aAggravated Forms of the Death Penalty in England
264 1 _aBasingstoke
_bSpringer Nature
_c2017
300 _a1 online resource
336 _atext
_btxt
_2rdacontent
337 _acomputer
_bc
_2rdamedia
338 _aonline resource
_bcr
_2rdacarrier
490 _aPalgrave Historical Studies in the Criminal Corpse and its Afterlife
520 _ahistory of crime; medical humanities; capital punishment
653 _aCapital Punishment
653 _aHistory Of Crime
653 _aMedical Humanities
856 _uhttps://library.oapen.org/bitstream/20.500.12657/27876/1/1002126.pdfhttps://link.springer.com/book/10.1057/978-1-137-51361-8http://library.oapen.org/handle/20.500.12657/27876
942 _cE-BOOK
999 _c64991
_d64991